01650nam a2200289 i 4500003000900000005001700009007000300026008004100029020001800070040003000088041000800118082001900126100003100145245019900176264008900375300002900464336002700493337003400520338002800554490002700582500004800609500003200657520052300689650003601212650005501248710005701303DO-SdBNP20260526113910.0ta260526e2025 dr ||||gr|||||||| |bspa d a9789945651683 aDO-SdBNPbspacBNPHUerda aspa bN714d 2005222 aNina Cruz, Geovannyeautor aDerechos fundamentales del ciudadano ante la Administración Pública :bvisión del Tribunal Constitucional Dominicano (2012-2022) / cGeovanny Nina Cruz. Tribunal Constitucional Dominicano. aSanto Domingo, República Dominicana :bTribunal Constitucional Dominicano,c2025.  a883 páginas ; c23 cm. atextobtxt2rdacontent asin mediación bn2rdamedia avolumenbnc2rdacarrier aDerechos fundamentales aIncluye biografía del autor en la solapa. aIncluye tabla de contenido. aEl presente texto consiste en mostrar de una manera sistemática y resumida las principales decisiones del Tribunal Constitucional en materia de derechos fundamentales cuando el ciudadano ha reclamado ante la jurisdicción constitucional vulneraciones por parte de la Administración Pública. El texto abarca todas las sentencias que desde el año 2012 hasta el año 2022 ha emitido el Tribunal Constitucional cuando ha sido apoderado de un conflicto entre los ciudadanos frente a la administración pública. 0aDerechozRepública Dominicana 0aAdministración públicazRepública Dominicana aTribunal Constitucional de la República Dominicana